000 00647nam a2200229Ia 4500
003 OSt
005 20220924123249.0
006 a|||||r|||| 00| 0
007 ta
008 220923b |||||||| |||| 00| 0 urd d
024 _a322761
037 _cTextual
040 _aARTS
_cARTS
_burd
041 _2urd
_aurd
082 _aV2:51, 168H0
100 _aWilliams Rush Bruk Au.
_9192217
245 0 _aHindustan
260 _aMumbai
_bOxford university press India
_c1940
650 _aINDIA - HISTORY - FREEDOM STRUGGLE
_922401
942 _hV2:51, 168H0
_cTEXL
_2CC
999 _c414993
_d414993